Municipios españoles más poblados que comienzan con M - Estadísticas

Estadísticas generales
  • Esta prueba ha sido intentada 2.078 veces
  • La puntuación promedio es 9 de 20
Estadísticas de respuestas
Población Municipio Comunidad % Correcto
3.340.176 Madrid Com. de Madrid
99%
467.501 Murcia Murcia
95%
587.068 Málaga Andalucía
94%
85.493 Melilla Ciudad Autónoma
77%
59.563 Mérida Extremadura
74%
210.592 Móstoles Com. de Madrid
74%
156.153 Marbella Andalucía
55%
129.613 Mataró Cataluña
49%
78.570 Manresa Cataluña
39%
46.614 Manacor Islas Baleares
36%
36.175 Mieres Asturias
32%
90.763 Mijas Andalucía
32%
72.833 Majadahonda Com. de Madrid
31%
59.199 Motril Andalucía
29%
75.941 Molina de Segura Murcia
16%
51.692 Mollet del Vallès Cataluña
12%
47.515 Mairena del Aljarafe Andalucía
10%
45.695 Mislata Com. Valenciana
10%
39.455 Marratxí Islas Baleares
7%
36.823 Montcada i Reixac Cataluña
7%
No se encontraron pruebas coincidentes
Distribución de puntuación
Porcentaje de gente con cada puntuación
Porcentaje por número respondido
Historial de tus puntuaciones
No has intentado esta prueba.